| 000 | 00668nam a22001697a 4500 | ||
|---|---|---|---|
| 003 | OSt | ||
| 005 | 20220107122757.0 | ||
| 008 | 150331b xxu||||| |||| 00| 0 eng d | ||
| 040 | _c | ||
| 100 |
_aSomy mathew (92312013) _96352 |
||
| 245 | _aFusion of hyperspectral and lidar remote sensing data for image classification | ||
| 502 |
_bMSc. Geoinformatics _c2012 - 2014 _dINT _eRadhakrishnan T _fRama Rao Nidamanuri (Indian Institute of Space Science and Technology) _g"Indian Institute of Space Science and Technology, Thiruvananthapuram" |
||
| 650 |
_aREMOTE SENSING _96353 |
||
| 650 |
_aHYPERSPECTRAL IMAGE _96354 |
||
| 650 |
_aIMAGE SEGMENTATION _96355 |
||
| 942 |
_2ddc _cPR |
||
| 999 |
_c4578 _d4578 |
||